Understanding and using educational theories

Saved in:
Bibliographic Details
Main Authors Aubrey, Karl (Author), Riley, Alison (Author)
Format Book
LanguageEnglish
Published London : SAGE, [2026]
Edition4th edition
Subjects
ISBN978-1-0362-0691-8
Physical Descriptionvi, 6 nečíslovaných stran, 412 stran : ilustrace ; 25 cm

Cover

LEADER 00000nam a2200000 i 4500
001 115681
003 CZ-ZlUTB
005 20260529085400.0
007 ta
008 260521t20262026xxka e p 001 0 eng d
020 |a 978-1-0362-0691-8  |q (brožováno) 
040 |a ZLD002  |b cze  |e rda 
072 7 |a 37  |x Výchova a vzdělávání  |2 Konspekt  |9 22 
072 7 |a 37.016  |x Učební osnovy. Vyučovací předměty. Učebnice  |2 Konspekt  |9 22 
080 |a 37.0  |2 MRF 
080 |a 37.013.73  |2 MRF 
080 |a (075.8)  |2 MRF 
100 1 |a Aubrey, Karl  |7 mzk2017961038  |4 aut 
245 1 0 |a Understanding and using educational theories /  |c Karl Aubrey & Alison Riley 
250 |a 4th edition 
264 1 |a London :  |b SAGE,  |c [2026] 
264 4 |c ©2026 
300 |a vi, 6 nečíslovaných stran, 412 stran :  |b ilustrace ;  |c 25 cm 
336 |a text  |b txt  |2 rdacontent 
337 |a bez média  |b n  |2 rdamedia 
338 |a svazek  |b nc  |2 rdacarrier 
504 |a Obsahuje bibliografie, bibliografické odkazy a rejstřík 
650 0 7 |a výchova a vzdělávání  |7 ph127419  |x teorie  |2 czenas 
650 0 7 |a filozofie výchovy  |7 ph120230  |2 czenas 
650 0 9 |a education  |x theory  |2 eczenas 
650 0 9 |a philosophy of education  |2 eczenas 
653 0 |a kritická pedagogika 
655 7 |a učebnice vysokých škol  |7 fd133772  |2 czenas 
655 9 |a textbooks (higher)  |2 eczenas 
700 1 |a Riley, Alison  |7 pna2007389178  |4 aut 
710 2 |a Sage Publications, inc.  |7 kn20070408001  |4 pbl 
910 |a ZLD002 
942 |2 udc 
952 |0 0  |1 0  |4 0  |5 0  |6 37AUBREYK  |7 -1  |8 BOOK  |9 191239  |a UTBZL  |b UTBZL  |c 005  |d 2026-05-21  |l 0  |o 37/AUBREY,K.  |p 420010202165  |r 2026-05-21 12:55:47  |v 518.00  |w 2026-05-21  |x N:nákup  |y 01 
992 |a BK  |b SK 
999 |c 115681  |d 115681